000 00645nam a2200229Ia 4500
003 BUBTL
008 151213s9999 xx 000 0 und d
041 _aEnglish
082 _a346 / B1471c / 1976
100 _aBagrial, Ashok K.
_94222
245 _aCompany Law : (Incorporating the Companies Amendment Act-1999) /
_cAshok K. Bagrial
250 _a10th
260 _aNew Delhi
_bVikas Publishing
_cc1976
300 _a472 p. :
_cill. ; 22 cm.
526 _aLaw
650 _a
650 _aLaw
_94223
700 _aAshok K.Bagrial
_95799
856 _k0
_l0
_yDownload
942 _2ddc
_cBK
999 _c2222
_d2222